| 000 | 01846nam a2200217Ia 4500 | ||
|---|---|---|---|
| 003 | Ost | ||
| 005 | 20260507075208.0 | ||
| 008 | 260507s9999||||xx |||||||||||||| ||und|| | ||
| 040 | _cfsecg | ||
| 041 | _aara | ||
| 082 | _a330 | ||
| 100 |
_aشقر، عامر عبد الله موسى _eمؤلف |
||
| 245 | 0 |
_aمحاسبة التكاليف الصناعية / _c عامر عبد الله موسى شقر |
|
| 260 |
_aعمان: _bدار البداية, _c2009 |
||
| 300 |
_a269 صفحة؛ _bإيضاحات ؛ _c24 سم |
||
| 504 | _aمراجع ص.265 | ||
| 520 | _aمحاسبة التكاليف و علاقتها بالمحاسبة و العلوم الهندسية و أهداف محاسبة التكاليف ، الاطار العام انظام التكاليف في التنظيم الاداري ، تبويب عناصر التكاليف ، تصميم نظام التكاليف و مقوماته ، علاقة ادارة أو قسم التكاليف و الادارة الاخرى ، دورة تسجيل المواد الواردة ، سياسات التسعير التقديري ، التكاليف غير المباشرة ، نظريات تحميل التكاليف ، التكاليف الاجمالية (الكلية ) و التكاليف المباشرة ، نظرية التكاليف المتغيرة ( الحدية ) ، التكاليف المستغلة و نظرية التكاليف المعيارية النمطية ، قوائم الاعمال ، حساب التشغيل ، دورة محاسبة التكاليف و تكاليف أوامر التشغيل ، تكاليف مراحل التشغيل ، التالف من مراحل التشغيل مع وجود تمارين و أسئلة في نهاية كل فصل. | ||
| 653 | _aالتكاليف الصناعية | ||
| 653 | _aمحاسبة التكاليف | ||
| 942 | _cكتاب | ||
| 999 |
_c43443 _d43443 |
||